At risk: (Record no. 813)

000 -LEADER
fixed length control field 00677nam a22002417a 4500
001 - CONTROL NUMBER
control field 813
003 - CONTROL NUMBER IDENTIFIER
control field BD-DhUET
008 - FIXED-LENGTH DATA ELEMENTS--GENERAL INFORMATION
fixed length control field 140823b xxu||||| |||| 00| 0 eng d
020 ## - INTERNATIONAL STANDARD BOOK NUMBER
International Standard Book Number 9780415252164
040 ## - CATALOGING SOURCE
Transcribing agency 0
Modifying agency BD-DhUET
082 ## - DEWEY DECIMAL CLASSIFICATION NUMBER
Classification number 363.349
Item number WIS/2004
100 ## - MAIN ENTRY--PERSONAL NAME
Personal name Wisner, Ben
245 ## - TITLE STATEMENT
Title At risk:
Remainder of title natural hazards ,people's vulnerability and disasters/
Statement of responsibility, etc. by Ben Wisner;Piers Blaikie;Terry Cannon;Ian Davis .
250 ## - EDITION STATEMENT
Edition statement 2nd
260 ## - PUBLICATION, DISTRIBUTION, ETC. (IMPRINT)
Place of publication, distribution, etc. London:
Name of publisher, distributor, etc. Routledge,
Date of publication, distribution, etc. 2004.
300 ## - PHYSICAL DESCRIPTION
Extent xix,471p.
504 ## - BIBLIOGRAPHY, ETC. NOTE
Bibliography, etc Includes bibliographies
650 #0 - SUBJECT ADDED ENTRY--TOPICAL TERM
Topical term or geographic name as entry element Natural disasters
700 ## - ADDED ENTRY--PERSONAL NAME
Personal name Blaikie, Piers
700 ## - ADDED ENTRY--PERSONAL NAME
Personal name Cannon, Terry
700 ## - ADDED ENTRY--PERSONAL NAME
Personal name Davis, Ian
942 ## - ADDED ENTRY ELEMENTS (KOHA)
Koha item type General Book
Holdings
Piece designation (barcode) Withdrawn status Koha full call number Price effective from Copy number Location (home branch) Lost status Date acquired Source of classification or shelving scheme Koha normalized classification for sorting Damaged status Sublocation or collection (holding branch) Not for loan Koha item type Shelving location Koha date last seen
109303 363.349 WIS/20042014-08-231Central Library, BUET 2014-08-23 363_349000000000000_WIS2004 Central Library, BUET General BookCirculation section2014-08-23
109304 363.349 WIS/20042014-08-232Central Library, BUET 2014-08-23 363_349000000000000_WIS2004 Central Library, BUET General BookCirculation section2014-08-23